书目信息 |
| 题名: |
广韵韵图
|
|
| 作者: | 方孝岳 编 | |
| 分册: | ||
| 出版信息: | 北京 中华书局 1988.01 |
|
| 页数: | 134页 | |
| 开本: | 26cm | |
| 丛书名: | ||
| 单 册: | ||
| 中图分类: | H113.3 | |
| 科图分类: | ||
| 主题词: | 汉语--语音 , 汉语--音韵学 | |
| 电子资源: | ||
| ISBN: | 7-101-00199-8 | |
| 000 | 00546nam0 2200205 45 | |
| 001 | 0404210867 | |
| 005 | 20040421085738.0 | |
| 010 | @a7-101-00199-8@dCNY6.00 | |
| 100 | @a20040421d1988 km y0chiy0120 ea | |
| 101 | 0 | @achi |
| 105 | @a z 000yy | |
| 200 | 1 | @a广韵韵图@AGuang Yun Yun Tu@f方孝岳编@FFang Xiao Yue Bian |
| 210 | @a北京@c中华书局@d1988.01 | |
| 215 | @a134页@d26cm | |
| 606 | 0 | @a汉语@x语音 |
| 606 | 0 | @a汉语@x音韵学 |
| 690 | @aH113.3@v3 | |
| 701 | 0 | @a方孝岳@4编 |
| 801 | @aCN@bPftUser@c20040421 | |
| 905 | @f1@b214367@dH113.3@e54 | |
| 广韵韵图/方孝岳编.-北京:中华书局,1988.01 |
| 134页;26cm |
| ISBN 7-101-00199-8:CNY6.00 |
| ● |
| 相关链接 |
|
|
|
|
正题名:广韵韵图
索取号:H113.3/54
 
预约/预借
| 序号 | 登录号 | 条形码 | 馆藏地/架位号 | 状态 | 备注 |
| 1 | 0214367 | 000832120 | 第四借阅区/ [索取号:H113.3/54] | 在馆 | |
| 2 | 0214368 | 000832111 | 第二样本阅览室/ [索取号:H113.3/54] | 在馆 |